Fundamentals of fluid power /

Bibliographic Details
Main Author: Wolansky, William D.
Other Authors: Nagohosian, John, Henke, Russell W.
Format: Book
Language:English
Published: Boston : Houghton, Mifflin, [1977]
Subjects:

MARC

Tag First Indicator Second Indicator Subfields
LEADER 00000cam a2200000 i 4500
001 in00000366756
005 20151011074611.0
008 770504s1977 maua b 00110 eng
010 |a  76013963  
020 |a 039518956X 
035 |a (OCoLC)03017701 
035 |9 ABP5221AM 
040 |a DLC  |c DLC  |d TXA  |d UtOrBLW 
049 |a TXAM  |c [1536353] 
050 0 0 |a TJ843  |b .W59 1977 
082 0 |a 621.2 
100 1 |a Wolansky, William D. 
245 1 0 |a Fundamentals of fluid power /  |c William D. Wolansky, John Nagohosian, Russell W. Henke. 
264 1 |a Boston :  |b Houghton, Mifflin,  |c [1977] 
264 4 |c ©1977 
300 |a xv, 399 pages :  |b illustrations ;  |c 25 cm. 
336 |a text  |b txt  |2 rdacontent 
337 |a unmediated  |b n  |2 rdamedia 
338 |a volume  |b nc  |2 rdacarrier 
504 |a Includes bibliographies and index. 
650 0 |a Fluid power technology. 
700 1 |a Nagohosian, John. 
700 1 |a Henke, Russell W. 
999 |a MARS 
999 f f |s 8c2eead4-214e-3da8-a297-1f2c39c49e1d  |i d6cd7ac0-7ff6-3a50-acd6-04887e260f22  |t 0 
952 f f |p normal  |a Texas A&M University  |b College Station  |c Sterling C. Evans Library  |s Evans stk  |d Evans: Library Stacks  |t 0  |e TJ843 .W59 1977  |h Library of Congress classification  |i unmediated -- volume  |m A14805445838 
998 f f |a TJ843 .W59 1977  |t 0  |l Evans: Library Stacks